000
00299nam a22001457a 4500
008
221005b ||||| |||| 00| 0 eng d
020
_a
091151775
041
_a
eng
080
_a
72
082
_a
72
100
_a
19.1
101
_a
ART
245
_a
ON THE WALL
_c
TANNENBAUM J
942
_2
udc
_c
BK
999
_c
58356
_d
58356